=LDR 00000nam 2200000 4500 =001 INLIS000000000002693 =005 20130612091022 =008 ***********************************Ind** =035 ##$$0010-061300000002693 =041 ##$$a Ind =082 ##$$a 633.1 =090 ##$$a 633.1, Nur s =100 ##$$a Nurmala, Tati =245 ##$$a Serealia sumber karbohidrat utama, Tati Nurmala =260 ##$$a 1998 $b Jakarta =300 ##$$a 93 hlm, ilus, 21 cm =650 ##$$a Serealia =650 ##$$a Penanaman =850 ##$$a NBPNMAT =990 ##$$a 75797579 =990 ##$$a DW00009372 =990 ##$$a DW00009373 =990 ##$$a DW00009374 =990 ##$$a DW00009375 =990 ##$$a 01201807579